Lyrics to Ellie Goulding's "Lights" - Statistics

General Stats
  • This quiz has been taken 248 times
    89 since last reset
  • The average score is 163 of 243
Answer Stats
Lyrics % Correct
I
97%
the
96%
The
96%
a
94%
lights
94%
Lights
94%
me
90%
You
90%
to
87%
when
86%
an
83%
be
82%
my
82%
And
79%
and
79%
on
76%
I'm
75%
that
75%
turn
75%
I'll
72%
it
72%
alone
69%
not
69%
show
69%
stop
69%
stone
68%
calling
66%
Calling
66%
had
66%
In
65%
shine
65%
so
63%
strong
63%
tell
62%
myself
61%
own
61%
they're
61%
'Cause
59%
now
59%
is
56%
way
56%
But
55%
then
55%
heart
54%
too
54%
all
52%
gone
51%
Losing
51%
has
49%
queen
49%
home
48%
Home
48%
dark
46%
sleeping
46%
been
45%
hard
45%
overthrown
45%
feel
44%
time
44%
dreaming
42%
Dreaming
42%
only
42%
brother
41%
sister
41%
beat
39%
need
39%
push
39%
safe
37%
place
35%
them
32%
keeping
31%
back
30%
strength
30%
think
30%
slept
28%
still
27%
up
27%
head
25%
skin
23%
Touch
23%
hope
21%
play
18%
within
17%
unlocked
14%
breathing
11%
Yeah
10%
Noises
7%
homestead
4%
No matching quizzes found
Score Distribution
Percent of People with Each Score
Percentile by Number Answered
Your Score History
You have not taken this quiz since the last reset